| 000 | 00502nam a2200157 4500 | ||
|---|---|---|---|
| 999 |
_c8427 _d8427 |
||
| 008 | 180205b xxu||||| |||| 00| 0 eng d | ||
| 020 | _a0-15-591464-2 | ||
| 082 |
_21987 _aDC 808.042 _bSu2 |
||
| 100 |
_926097 _aSudol, Ronald A. |
||
| 245 |
_aTextfiles: _ba rhetoric for word processing/ _cRonald A. Sudol. |
||
| 260 |
_aNew York: _bHarcourt Brace Jovanovich, Publishers, _c© 1987. |
||
| 300 |
_axii,308 pages; _c24 cm. |
||
| 521 | _aIncludes index. | ||
| 650 | 0 |
_926098 _aWord processing |
|
| 942 |
_2ddc _cDC |
||